000 00676nam a2200229Ia 4500
003 OSt
005 20220926043714.0
006 a|||||r|||| 00| 0
007 ta
008 220923b |||||||| |||| 00| 0 eng d
037 _cGeneral Book
040 _aRTL
_cRTL
_beng
041 _2eng
_aeng
082 _aY172.933, J1;1
100 _aHogbin Ian H
_9348136
245 0 _aTransformation Scene
_b The changing culture of a Ne
260 _c1951
490 _aInternational Library of Sociology and Social reconstruction , ed by WJH Sprott
650 _aTribes
_940733
942 _hY172.933, J1;1
_cGB
_2CC
999 _c672976
_d672976